|
|
|
|
| LEADER |
00000nam a2200000 a 4500 |
| 001 |
vtls001306572 |
| 003 |
SK-MaSNL |
| 005 |
20260331203611.0 |
| 008 |
251113s1996 DE 0 ger |
| 020 |
|
|
|a 352582601X
|c [200,00]
|
| 035 |
|
|
|a SNK000258829
|
| 040 |
|
|
|a SNK
|b slo
|c SNK
|e AACR2
|
| 044 |
|
|
|a DE
|
| 080 |
|
|
|a 82(100):82.0
|2 1981
|
| 100 |
1 |
|
|a Wolpers, Theodor
|4 zos
|9 632221
|
| 245 |
1 |
|
|a Familienbindung als Schicksal
|b Wandlungen eines Motivbereichs in der neueren Literatur : Bericht über Kolloquien der Kommission für literaturwissenschaftliche Motiv- und Themenforschung 1991-1994
|c herausgegeben von Theodor Wolpers
|
| 260 |
|
|
|a Göttingen
|b Vandenhoeck und Ruprecht
|c 1996
|
| 300 |
|
|
|a 376 s.
|c 24 cm
|
| 490 |
1 |
|
|a Abhandlungen der Akademie der Wissenchaften in Göttingen. Philosophisch-Historische Klasse. Folge 3
|v Nr. 219
|
| 650 |
0 |
7 |
|a literatúra svetová
|x zväzky rodinné (motív literárny)
|x štúdie literárno-kritické
|2 SNK
|9 632222
|
| 830 |
|
0 |
|a Abhandlungen der Akademie der Wissenchaften in Göttingen. Philosophisch-Historische Klasse
|9 632223
|
| 919 |
|
|
|a 3-525-82601-X
|
| 999 |
|
|
|c 974097
|d 976027
|
| 952 |
|
|
|t P60, <04>, [BOOK], {604}
|a SNK
|b SNK
|y VYP
|7 0
|p 17A0100859
|o snkIC 126892
|i snkV 2459/97
|0 0
|1 0
|4 0
|d 1997-10-21
|l 0
|r 2005-01-02 00:00:00
|w 2026-02-24
|